[Event "Cheliabinsk Panchenko Memorial op-A"]
[Site "Cheliabinsk"]
[Date "2021.09.19"]
[Round "8"]
[White "Pogorelskikh, Sofia"]
[Black "Suslov, Dmitry"]
[Result "1-0"]
[WhiteElo "2011"]
[BlackElo "1904"]
[PlyCount "107"]
[EventDate "2021.09.13"]
[EventType "swiss"]
[EventRounds "10"]
[EventCountry "RUS"]
[SourceTitle "CBM 204 Extra"]
[Source "ChessBase"]
[SourceDate "2021.11.30"]
[SourceVersion "1"]
[SourceVersionDate "2021.11.30"]
[SourceQuality "1"]

1. e4 c6 2. d4 d5 3. Nc3 dxe4 4. Nxe4 Nf6 5. Nxf6+ exf6 6. c3 Bd6 7. Bd3 0-0 8. Qc2 Re8+ 9. Ne2 h5 10. Be3 Nd7 11. 0-0-0 Nf8 12. c4 Be6 13. a3 Rc8 14. h3 b5 15. c5 Bb8 16. Nc3 Bd5 17. Nxd5 Qxd5 18. Be2 Qxg2 19. Bxh5 Ne6 20. Qf5 Ng5 21. Rhg1 Qe4 22. Rxg5 fxg5 23. Qxf7+ Kh8 24. Bg4 Rc7 25. Qh5+ Kg8 26. Bf5 Qxf5 27. Qxe8+ Qf8 28. Qxf8+ Kxf8 29. Bxg5 Rd7 30. Be3 Rd5 31. Kc2 Kf7 32. h4 Bc7 33. Rg1 Bd8 34. Rg4 Rh5 35. Kb3 Bxh4 36. d5 cxd5 37. Kb4 Bf6 38. b3 a6 39. Ka5 d4 40. Bxd4 Bxd4 41. Rxd4 Rxc5 42. Kxa6 Rc3 43. Rb4 Rf3 44. Rxb5 Rxf2 45. a4 Kf6 46. a5 g5 47. Rb8 Rb2 48. b4 g4 49. b5 Kf7 50. Rc8 g3 51. Rc1 Ke6 52. b6 Kd6 53. b7 g2 54. Ka7 1-0

[Event "Cheliabinsk Panchenko Memorial op-A"]
[Site "Cheliabinsk"]
[Date "2021.09.18"]
[Round "6"]
[White "Suslov, Dmitry"]
[Black "Volkov, Maksim"]
[Result "1-0"]
[WhiteElo "1904"]
[BlackElo "2128"]
[PlyCount "89"]
[EventDate "2021.09.13"]
[EventType "swiss"]
[EventRounds "10"]
[EventCountry "RUS"]
[SourceTitle "CBM 204 Extra"]
[Source "ChessBase"]
[SourceDate "2021.11.30"]
[SourceVersion "1"]
[SourceVersionDate "2021.11.30"]
[SourceQuality "1"]

1. d4 d5 2. c4 e6 3. Nc3 c6 4. cxd5 cxd5 5. Nf3 Nf6 6. Bg5 Nc6 7. e3 h6 8. Bh4 Be7 9. Bd3 a6 10. Rc1 0-0 11. 0-0 Bd7 12. a3 Rc8 13. Bb1 Ne8 14. Qd3 f5 15. Bxe7 Qxe7 16. Ne5 Nxe5 17. dxe5 g5 18. f4 Ng7 19. g3 h5 20. Qd2 h4 21. Ne2 Nh5 22. Bd3 Kh8 23. Rxc8 Rxc8 24. Kf2 Rg8 25. Rg1 Bc6 26. Qb4 Qd8 27. g4 a5 28. Qd6 Qxd6 29. exd6 fxg4 30. Rxg4 Nf6 31. Rxg5 Ng4+ 32. Kg2 Nxe3+ 33. Kf3 Nd1 34. Rh5+ Kg7 35. Nd4 Re8 36. d7 Bxd7 37. Rh7+ Kf6 38. Rxd7 Nxb2 39. Be2 Rc8 40. Rxb7 Rc3+ 41. Kg4 Na4 42. Nf3 Rc1 43. Ne5 Rg1+ 44. Kf3 Rg7 45. Ng4+ 1-0

[Event "Cheliabinsk Panchenko Memorial op-A"]
[Site "Cheliabinsk"]
[Date "2021.09.15"]
[Round "3"]
[White "Suslov, Dmitry"]
[Black "Skatchkov, Valery"]
[Result "0-1"]
[WhiteElo "1904"]
[BlackElo "2298"]
[PlyCount "50"]
[EventDate "2021.09.13"]
[EventType "swiss"]
[EventRounds "10"]
[EventCountry "RUS"]
[SourceTitle "CBM 204 Extra"]
[Source "ChessBase"]
[SourceDate "2021.11.30"]
[SourceVersion "1"]
[SourceVersionDate "2021.11.30"]
[SourceQuality "1"]

1. d4 Nf6 2. c4 e6 3. Nc3 Bb4 4. e3 0-0 5. Bd2 d5 6. Nf3 b6 7. cxd5 exd5 8. Bd3 Bb7 9. 0-0 Nbd7 10. Ne5 Bd6 11. f4 Ne4 12. Be1 c5 13. Qf3 f5 14. Qh3 Ndf6 15. Bh4 Qe8 16. Rac1 a6 17. Be2 Bc8 18. Be1 Be6 19. Nxe4 Nxe4 20. g4 Bxe5 21. dxe5 fxg4 22. Bxg4 Qg6 23. f5 Rxf5 24. Bg3 Rxf1+ 25. Rxf1 Qxg4 0-1

[Event "Cheliabinsk Panchenko Memorial op-A"]
[Site "Cheliabinsk"]
[Date "2021.09.13"]
[Round "1"]
[White "Radzhabov, Rodion"]
[Black "Suslov, Dmitry"]
[Result "1-0"]
[WhiteElo "2370"]
[BlackElo "1904"]
[PlyCount "91"]
[EventDate "2021.09.13"]
[EventType "swiss"]
[EventRounds "10"]
[EventCountry "RUS"]
[SourceTitle "CBM 204 Extra"]
[Source "ChessBase"]
[SourceDate "2021.11.30"]
[SourceVersion "1"]
[SourceVersionDate "2021.11.30"]
[SourceQuality "1"]

1. Nf3 Nf6 2. g3 g6 3. b3 Bg7 4. Bb2 b6 5. Bg2 Bb7 6. 0-0 0-0 7. c4 c5 8. d4 d6 9. Nc3 Nbd7 10. d5 a6 11. a4 Ne4 12. Qc2 Nxc3 13. Bxc3 b5 14. Bxg7 Kxg7 15. Qc3+ Kg8 16. e4 Rb8 17. axb5 axb5 18. e5 bxc4 19. bxc4 Qc7 20. Rfe1 Nb6 21. exd6 exd6 22. Ng5 Rbe8 23. Ne4 Nd7 24. Bh3 f5 25. Ng5 Ne5 26. f4 h6 27. fxe5 hxg5 28. e6 g4 29. Bg2 g5 30. Ra7 Qh7 31. Qe3 f4 32. Qe4 Qg7 33. e7 Rf7 34. Rxb7 f3 35. Rf1 Rfxe7 36. Rxe7 Rxe7 37. Qxg4 fxg2 38. Kxg2 Re5 39. Rf2 Qe7 40. h4 Re4 41. Qh5 Qg7 42. hxg5 Re5 43. Ra2 Qxg5 44. Ra8+ Kg7 45. Ra7+ Kg8 46. Qh7+ 1-0